000 003090000a22001330004500
060 _a100
082 _a330 DEW
100 _aKewal Krishan Dewelt, Adarsh Chand
245 _aModern economic theory
260 _aNewdelhi, Shyam lal charitable trust
300 _a741
650 _aEconomics
942 _cBK
999 _c359262
_d359262